Liverpool 2019/20 Season Quiz Bonanza! - Statistics

General Stats
  • This quiz has been taken 8 times
  • The average score is 10 of 28
Answer Stats
Answer % Correct
1
100%
6
100%
Manchester United
100%
2-0
75%
2-1
75%
Mohamed Salah
75%
18
63%
4-0
50%
5-2
50%
Chelsea
50%
Everton
50%
3-1
38%
Manchester City
38%
Alex Oxlade-Chamberlain
25%
Leicester City
25%
Takumi Minamino
25%
66
13%
Harvey Elliott
13%
81
0%
99
0%
Adrian
0%
Andy Lonergan
0%
Firmino 37'
0%
Kante 71'
0%
Keita 23', Alexander-Arnold 38', Wijnaldum 43', Firmino 54', Oxlade-Chamberlain 84'
0%
Lallana 85'
0%
Mane 20'
0%
Sepp Van Den Berg
0%
No matching quizzes found
Score Distribution
Percent of People with Each Score
Percentile by Number Answered
Your Score History
You have not taken this quiz